Instructor's manual to accompany New perspectives on Microsoft excel 7 for windows 95 : (Record no. 4722)

MARC details
000 -LEADER
fixed length control field 00590nam a22001937a 4500
003 - CONTROL NUMBER IDENTIFIER
control field OSt
005 - DATE AND TIME OF LATEST TRANSACTION
control field 20251024012927.0
008 - FIXED-LENGTH DATA ELEMENTS--GENERAL INFORMATION
fixed length control field 251008b |||||||| |||| 00| 0 eng d
020 ## - INTERNATIONAL STANDARD BOOK NUMBER
International Standard Book Number 0-7600-3777-9.
040 ## - CATALOGING SOURCE
Original cataloging agency DWCL-Main lib
Transcribing agency OC
082 ## - DEWEY DECIMAL CLASSIFICATION NUMBER
Classification number Circ. 005.42 P466n 1996
100 ## - MAIN ENTRY--PERSONAL NAME
Personal name Parsons, June
245 ## - TITLE STATEMENT
Title Instructor's manual to accompany New perspectives on Microsoft excel 7 for windows 95 :
Remainder of title introductory
260 ## - PUBLICATION, DISTRIBUTION, ETC.
Place of publication, distribution, etc. [S.l.] :
Name of publisher, distributor, etc. CTI,
Date of publication, distribution, etc. c1996.
300 ## - PHYSICAL DESCRIPTION
Extent 105 pages :
Other physical details illustration ;
Dimensions 28 cm.
700 ## - ADDED ENTRY--PERSONAL NAME
Personal name Oja, Dan
700 ## - ADDED ENTRY--PERSONAL NAME
Personal name Shaffer, Ann
942 ## - ADDED ENTRY ELEMENTS (KOHA)
Source of classification or shelving scheme Dewey Decimal Classification
Koha item type Book-Filipiniana
Call number prefix Fil.
Suppress in OPAC No
952 ## - LOCATION AND ITEM INFORMATION (KOHA)
--
Holdings
Withdrawn status Lost status Source of classification or shelving scheme Damaged status Not for loan Home library Current library Shelving location Date acquired Source of acquisition Cost, normal purchase price Total Checkouts Full call number Barcode Date last seen Copy number Price effective from Koha item type Uniform Resource Identifier
    Dewey Decimal Classification     College Library College Library Circulation 10/08/2025 Donation 0.00   Fil. 005.42 P466n 1996 46467 10/08/2025 c1 10/08/2025 BK - FIL